000 00275nam a22001217a 4500
008 170711b xxu||||| |||| 00| 0 eng d
041 _aeng
080 _a030
100 _a23
101 _aGJL
245 _aTHE NEW SCHAFF-HERZOG ENCYCLOPEDIA
_cMACAULEY, S
942 _2udc
_cBK
999 _c20196
_d20196